000 00332nam a22001457a 4500
008 210607b ||||| |||| 00| 0 eng d
020 _a9780136091165
041 _aeng
080 _22nd
_a330.722.6
082 _a330.722.6
100 _a62
101 _aKM
245 _aManagerial Accounting
_cKaren W. Braun
942 _2udc
_cBK
999 _c58044
_d58044